La vie et l'ame de Teilhard de Chardin

Guardado en:
Bibliografiske detaljer
Hovedforfatter: Corte, Nicolás
Format: Bog
Sprog:Undetermined
Udgivet: París, Francia Arthéme Fayard 1957
Fag:
Tags: Tilføj Tag
Ingen Tags, Vær først til at tagge denne postø!

MARC

LEADER 00000nam a2200000Ia 4500
008 170316s9999 xx 000 0 und d
090 |a 100 C-43v 
100 |a Corte, Nicolás 
245 |a La vie et l'ame de Teilhard de Chardin 
260 |a París, Francia 
260 |b Arthéme Fayard 
260 |c 1957 
300 |a 251 páginas 
650 |a FILOSOFÍA 
999 |c 15935  |d 15935 
040 |a cru BVZT 
942 |c 15 D  |h 100 C-43v  |2 z